Zielona Góra - Statystyki

Ogólne statystyki
  • Ten quiz został rozwiązany 23 razy
  • Średni wynik to 9 z 15
Statystyki odpowiedzi
Wskazówka Odpowiedź % Poprawnych
W którym województwie leży Zielona Góra? lubuskie
100%
W którym wieku powstała Zielona Góra? 13
94%
Jak nazywa się klub żużlowy z Zielonej Góry? Falubaz
94%
W którym miesiącu odbywają się Dni Zielonej Góry? wrzesień
88%
W którym wieku Zielona Góra otrzymała prawa miejskie? 14
82%
Gdzie zlokalizowany jest port lotniczy Zielona Góra? Babimost
76%
Jaką nazwę mają Dni Zielonej Góry związaną z winoroślą? Winobranie
76%
Jak nazywają się małe figurki rozmieszczone w centrum miasta? bachusiki
65%
Znana piosenkarka urodzona w Zielonej Górze Maryla Rodowicz
65%
Historyczny region w którym znajduje się Zielona Góra Dolny Śląsk
59%
Festiwal jakiej piosenki odbywał się w Zielonej Górze ? radzieckiej
47%
Jeden z największych zakładów w Polsce w czasie PRL produkujący wagony? Zastal
47%
Kto jest patronem Zielonej Góry? Św. Urban
29%
Najstarszy budynek w Zielonej Górze Konkatedra Św. Jadwigi
12%
Rzemiosło z którego słynęło miasto w średniowieczu sukiennictwo
6%
Nie znaleziono quizów pasujących do podanych kryteriów
Rozkład punktacji
Procent ludzi z każdym wynikiem
Percentyl według liczby udzielonych odpowiedzi
Twoja historia wyników
Nie rozwiązałeś tego quizu